| 000 | 00967nam a2200241 4500 | ||
|---|---|---|---|
| 001 | 112040 | ||
| 003 | ES-MaACL | ||
| 005 | 20250728062607.0 | ||
| 007 | t| | ||
| 008 | 061121s1977 sp r ||||1| spa d | ||
| 100 | 1 |
_aNavarro Garnica, Miguel. _985127 |
|
| 245 | 1 | 0 |
_aTécnicas de forestación 1975 / _cCoordinado por Miguel Navarro Garnica ; revisado por Juan Jesús Molina Rodríguez y José Luis Montero de Burgos. |
| 250 | _a2ª ed. | ||
| 260 |
_aMadrid : _bInstituto Nacional para la Conservación de la Naturalez, _c1977. |
||
| 300 |
_a211 p. con 8 lám. col : _bil ; _c24 cm. |
||
| 490 | 1 | _aMonografías | |
| 700 | 1 |
_aMolina Rodríguez, Juan Jesús. _981964 |
|
| 700 | 1 |
_aMontero de Burgos, José Luis. _982512 |
|
| 710 | 2 |
_aInstituto Nacional para la Conservación de la Naturaleza (Madrid) _95198 |
|
| 830 | 0 | 0 |
_aMonografías (Centro de Estudios Benaventanos "Ledo del Pozo") _9177262 |
| 852 |
_aES-MaACL _jL-7731 _bR.107306 |
||
| 999 |
_c112040 _d112040 |
||